Fusions des communes du Valais - Statistiques

Statistiques générales
  • Ce quiz a été pris 79 fois
  • Le résultat moyen est 30 sur 106
Statistiques - réponses
Réponse % Correct
Sion
70%
Martigny
64%
Miège
64%
Val de Bagnes
64%
Viège
64%
Bagnes
61%
Charrat
61%
Mont-Noble
61%
Noble-Contrée
61%
Crans-Montana
55%
Montana
55%
Nax
55%
Sierre
55%
Venthône
55%
Vollèges
55%
Bramois
52%
Vernamiège
52%
Vissoie
52%
Anniviers
48%
Conthey
48%
Grimentz
48%
Veyras
48%
Icogne
45%
Lens
45%
Saint-Maurice
45%
Salins
45%
Ayer
42%
Brigue
42%
Chandolin
42%
Chermignon
42%
Goms
42%
Les Agettes
42%
Mase
42%
Saint-Jean
42%
Martigny-Bourg
39%
Martigny-Combe
39%
Mollens
39%
Saint-Luc
39%
Granges
36%
Ulrichen
36%
Loèche
33%
Mex
33%
Obergoms
33%
Vétroz
33%
Glis
30%
La Bâtiaz
30%
Martigny-Ville
30%
Münster
30%
Naters
30%
Trient
30%
Randogne
27%
Salvan
27%
Baltschieder
24%
Vernayaz
24%
Brigue-Glis
21%
Feschel
21%
Filet
21%
Gampel
21%
Guttet
21%
Mörel
21%
Reckingen
21%
Steg
21%
Eggerberg
18%
Gluringen
18%
Guttet-Feschel
18%
Hohtenn
18%
Niederwald
18%
Oberwald
18%
Steg-Hohtenn
18%
Blitzingen
15%
Mörel-Filet
15%
Riederalp
15%
Turtmann
15%
Unterems
15%
Bettmeralp
12%
Bratsch
12%
Eyholz
12%
Gampel-Bratsch
12%
Geschinen
12%
Mund
12%
Obergesteln
12%
Reckingen-Gluringen
12%
Betten
9%
Biel
9%
Brigerbad
9%
Ernen
9%
Gamsen
9%
Goppisberg
9%
Münster-Geschinen
9%
Turtmann-Unterems
9%
Birgisch
6%
Grafschaft
6%
Mühlebach
6%
Niederernen
6%
Ritzingen
6%
Selkingen
6%
St. Niklaus
6%
St. Niklaus Dorf
6%
St. Niklaus Matt
6%
Ausserbinn
3%
Erschmatt
3%
Gasenried
3%
Martisberg
3%
Ried-Mörel
3%
Greich
0%
Steinhaus
0%
Aucun quiz correspondant
Distribution des résultats
% des personnes avec chaque résultat
Percentile par nombre de réponses
Votre historique - résultats
Vous n’avez pas pris ce quiz